| 000 | 00642nam a22001937a 4500 | ||
|---|---|---|---|
| 999 |
_c170992 _d170992 |
||
| 005 | 20200101145412.0 | ||
| 010 | _a992511 | ||
| 020 |
_cN.A. _a- |
||
| 035 | _a992511 | ||
| 037 | _bBPPD | ||
| 082 | _a841 | ||
| 100 | _aمد ير: کر شن مو ہن | ||
| 245 |
_aتنا ظر _cمد ير: کر شن مو ہن |
||
| 246 |
_aTanazur (2nd Book) (Urdu) _bby Krishn Mohan |
||
| 260 |
_aN.Delhi _c1980 ء _bMukti Verma |
||
| 270 |
_aTanazur publications,New Delhi _bN.Delhi _k- _e110003 |
||
| 300 |
_a496 ص _c22 cm(hb) |
||
| 942 |
_2ddc _cUR _h841 _mت ن ا |
||